Lingüística hoy: algunas tendencias
Saved in:
| Main Authors: | , , , , |
|---|---|
| Format: | Book |
| Language: | Esperanto |
| Published: |
Santiago
Universidad Católica de Chile
1993
|
| Subjects: | |
| Tags: |
Add Tag
No Tags, Be the first to tag this record!
|
MARC
| LEADER | 00000nam a2200000 a 4500 | ||
|---|---|---|---|
| 001 | UCI0300 | ||
| 003 | CL-VaPUC | ||
| 008 | 070504e19930000CL |||||||||||||||||epo|d | ||
| 020 | |a 9561403272 | ||
| 082 | 0 | 4 | |a 410 |b MAT |2 21 |
| 100 | |a Matus Olivier, Alfredo |e autor |9 415225 | ||
| 700 | 0 | |a Oyanedel F., Marcela |e author |9 520460 | |
| 700 | 0 | |a Pérez R., Mónica |e author |9 520461 | |
| 700 | 0 | |a Samaniego A., José Luis |e author |9 520462 | |
| 700 | 0 | |a Vega A., Olly |e author |9 520463 | |
| 245 | 1 | 0 | |a Lingüística hoy: algunas tendencias |
| 300 | |a 92 p | ||
| 942 | |c BK | ||
| 945 | |d 20070504 00:00:00 |a jtorresc | ||
| 260 | |a Santiago |b Universidad Católica de Chile |c 1993 | ||
| 650 | 0 | |a Lingüística |9 265068 | |
| 650 | 7 | |a LINGUISTICA ESTRUCTURAL |2 CL-VaPUC |9 269255 | |
| 583 | |a last modification |c 20130304 04:58:48 |k Rodrigo Vera | ||
| 999 | |c 325537 |d 325535 | ||
| 952 | |0 0 |1 0 |4 0 |6 410_000000000000000_MAT_1993 |7 0 |8 A |9 406521 |a FDOPOS |b FDOPOS |d 2019-11-22 |i 4271874 |o 410 MAT 1993 |p 4271874 |r 2025-01-22 |w 2019-11-22 |y BK |k MLA | ||